[Event "POL-chT 2nd League"]
[Site "Lublin"]
[Date "2006.09.03"]
[Round "2.23"]
[White "Maslowski, Michal"]
[Black "Pacuszka, Tomasz"]
[Result "1/2-1/2"]
[WhiteElo "2217"]
[BlackElo "2329"]
[PlyCount "47"]
[EventDate "2006.09.02"]
[EventType "team-swiss"]
[EventRounds "9"]
[EventCountry "POL"]
[SourceTitle "EXT 2019"]
[Source "ChessBase"]
[SourceDate "2018.10.10"]
[SourceVersion "1"]
[SourceVersionDate "2018.10.10"]
[SourceQuality "1"]
[WhiteTeam "Koszalin Hetman Politechnika"]
[BlackTeam "Grudziadz Rotmistrz MAT Premium"]
[WhiteTeamCountry "POL"]
[BlackTeamCountry "POL"]

1. e4 c5 2. c3 e5 3. Nf3 Nc6 4. d4 cxd4 5. cxd4 exd4 6. Nxd4 Nf6 7. Nc3 Bb4 8. Nxc6 bxc6 9. Bd3 Qa5 10. Bd2 Ba6 11. Qe2 Bxd3 12. Qxd3 0-0 13. 0-0 Qe5 14. Rae1 Rab8 15. g3 Qh5 16. Qe2 Qh3 17. Nd1 Rfe8 18. Bxb4 Rxb4 19. f3 Qe6 20. b3 a5 21. Qd2 Qe7 22. Nb2 h6 23. Kg2 Reb8 24. Qc3 1/2-1/2

[Event "Krakow op-A"]
[Site "Krakow "]
[Date "2003.12.27"]
[Round "1"]
[White "Stryjecki, Marek"]
[Black "Maslowski, Michal"]
[Result "1-0"]
[WhiteElo "2430"]
[BlackElo "2187"]
[PlyCount "67"]
[EventDate "2003.12.27"]
[EventType "swiss"]
[EventRounds "9"]
[EventCountry "POL"]
[SourceTitle "EXT 2006"]
[Source "ChessBase"]
[SourceDate "2005.11.24"]
[SourceVersion "1"]
[SourceVersionDate "2005.11.24"]
[SourceQuality "1"]

1. d4 d6 2. e4 Nf6 3. Nc3 e5 4. Nf3 exd4 5. Nxd4 Be7 6. g3 Bg4 7. f3 Bd7 8. Bg2 Nc6 9. 0-0 0-0 10. b3 a6 11. Bb2 Qb8 12. Kh1 Qa7 13. Nde2 Rfe8 14. Qd2 Rad8 15. Rad1 Bf8 16. g4 b5 17. Ng3 h6 18. h3 Qc5 19. f4 Ne7 20. Nce2 Nh7 21. a3 Nc6 22. Nc3 Ne7 23. Kh2 Bc8 24. Nd5 Nxd5 25. Bd4 Qc6 26. exd5 Qa8 27. g5 Bb7 28. gxh6 g6 29. Bb2 Bxh6 30. Qd4 f6 31. Be4 Kf7 32. Bxg6+ Kxg6 33. Qd3+ Kg7 34. Nh5+ 1-0

[Event "POL-chT 2nd League"]
[Site "Wysowa"]
[Date "2003.09.11"]
[Round "8"]
[White "Maslowski, Michal"]
[Black "Zaskalski, Pawel"]
[Result "1/2-1/2"]
[WhiteElo "2178"]
[BlackElo "2140"]
[PlyCount "57"]
[EventDate "2003.09.06"]
[EventType "team-swiss"]
[EventRounds "11"]
[EventCountry "POL"]
[SourceTitle "CBM 096 Extra"]
[Source "ChessBase"]
[SourceDate "2003.10.22"]
[SourceVersion "2"]
[SourceVersionDate "2003.10.20"]
[SourceQuality "1"]
[WhiteTeam "Koszalin Hetman Politechnika"]
[BlackTeam "Rolnik Roza"]
[WhiteTeamCountry "POL"]
[BlackTeamCountry "POL"]

1. e4 c5 2. c3 d5 3. exd5 Qxd5 4. d4 e5 5. Nf3 cxd4 6. cxd4 Nc6 7. Nc3 Bb4 8. Bd2 Bxc3 9. Bxc3 e4 10. Be2 Nf6 11. Ne5 Be6 12. Nxc6 bxc6 13. Bb4 Rc8 14. 0-0 Qg5 15. Qc1 Qxc1 16. Rfxc1 Kd7 17. Bc5 Rc7 18. b4 Bd5 19. a4 Ke6 20. b5 Nd7 21. Bb4 Rhc8 22. f3 cxb5 23. Re1 Bc4 24. fxe4 Bxe2 25. Rxe2 Rc1+ 26. Rxc1 Rxc1+ 27. Be1 bxa4 28. Kf1 Nb6 29. Ra2 1/2-1/2

[Event "POL-chT 2nd League"]
[Site "Wysowa"]
[Date "2003.09.08"]
[Round "4"]
[White "Maslowski, Michal"]
[Black "Grzelak, Artur"]
[Result "1-0"]
[WhiteElo "2178"]
[BlackElo "2260"]
[PlyCount "62"]
[EventDate "2003.09.06"]
[EventType "team-swiss"]
[EventRounds "11"]
[EventCountry "POL"]
[SourceTitle "CBM 096 Extra"]
[Source "ChessBase"]
[SourceDate "2003.10.22"]
[SourceVersion "2"]
[SourceVersionDate "2003.10.20"]
[SourceQuality "1"]
[WhiteTeam "Koszalin Hetman Politechnika"]
[BlackTeam "Milanowek UKS Jedwabnik"]
[WhiteTeamCountry "POL"]
[BlackTeamCountry "POL"]

1. e4 g6 2. d4 Bg7 3. Nc3 d6 4. Nf3 Nc6 5. h3 e5 6. dxe5 Nxe5 7. Nxe5 Bxe5 8. g3 Bd7 9. Bg2 Qc8 10. Be3 Ne7 11. Qd2 0-0 12. 0-0-0 Be6 13. f4 Bg7 14. g4 b5 15. Bd4 Bxd4 16. Qxd4 Nc6 17. Qf6 b4 18. Nd5 Bxd5 19. exd5 Qd8 20. Qxd8 Nxd8 21. Rhe1 Nb7 22. Re7 Rac8 23. Rde1 Rfd8 24. Bf1 Nc5 25. Bb5 Kf8 26. f5 a6 27. Bc6 Ne6 28. f6 Ng5 29. R1e3 h6 30. h4 Nh7 31. Rf3 Rb8 1-0

[Event "POL-ch U18"]
[Site "Krynica"]
[Date "2003.??.??"]
[Round "5"]
[White "Barglowski, Filip"]
[Black "Maslowski, Michal"]
[Result "1/2-1/2"]
[WhiteElo "2305"]
[BlackElo "2140"]
[PlyCount "152"]
[EventDate "2003.??.??"]
[EventType "swiss"]
[EventRounds "11"]
[EventCountry "POL"]
[SourceTitle "EXT 2007"]
[Source "ChessBase"]
[SourceDate "2006.11.23"]
[SourceVersion "1"]
[SourceVersionDate "2006.11.23"]
[SourceQuality "1"]

1. e4 e6 2. d4 d5 3. Nd2 Nf6 4. e5 Nfd7 5. c3 c5 6. Bd3 Nc6 7. Ne2 cxd4 8. cxd4 Qb6 9. Nf3 f6 10. exf6 Nxf6 11. 0-0 Bd6 12. Re1 0-0 13. Bf4 Bxf4 14. Nxf4 Qxb2 15. Ng5 h6 16. Ngxe6 Bxe6 17. Nxe6 Rf7 18. Bg6 Re7 19. a3 Nd8 20. Nxd8 Rxe1+ 21. Qxe1 Rxd8 22. Rb1 Qxd4 23. Rxb7 Rf8 24. h3 Ne4 25. Bxe4 dxe4 26. Rb4 Qd3 27. Ra4 Rf7 28. Qxe4 Qd1+ 29. Kh2 Rxf2 30. Rd4 Qf1 31. Rd7 Rf7 32. Qe8+ Rf8 33. Qe6+ Kh7 34. Qe4+ Kh8 35. Qe5 Rf7 36. Qb8+ Rf8 37. Qe5 Rf7 38. Rxa7 Rxa7 39. Qb8+ Kh7 40. Qxa7 Qe1 41. Qd4 Qe7 42. a4 Qc7+ 43. Kg1 Qc1+ 44. Kf2 Qc2+ 45. Ke3 Qc7 46. Qe4+ Kh8 47. h4 Qc3+ 48. Kf4 Qd2+ 49. Kg3 Qd6+ 50. Qf4 Qd3+ 51. Kh2 Qd8 52. Qb4 Qc7+ 53. Kh3 Qd7+ 54. Qg4 Qd3+ 55. Kh2 Qd6+ 56. Qg3 Qd8 57. Qf4 Kg8 58. h5 Kh8 59. g3 Qe8 60. Qg4 Qd8 61. Qb4 Qg5 62. Qb8+ Kh7 63. Qb5 Qd2+ 64. Kh3 Qe1 65. Qf5+ Kh8 66. a5 Qh1+ 67. Kg4 Qd1+ 68. Kf4 Qd4+ 69. Kf3 Qd1+ 70. Kg2 Qe2+ 71. Kh3 Kg8 72. Qc8+ Kh7 73. Qc5 Kh8 74. Qf8+ Kh7 75. Kh4 Qd3 76. Qf7 Qd8+ 1/2-1/2

[Event "POL-ch U18"]
[Site "Krynica"]
[Date "2003.??.??"]
[Round "4"]
[White "Maslowski, Michal"]
[Black "Bartel, Mateusz"]
[Result "1/2-1/2"]
[WhiteElo "2140"]
[BlackElo "2445"]
[PlyCount "87"]
[EventDate "2003.??.??"]
[EventType "swiss"]
[EventRounds "11"]
[EventCountry "POL"]
[SourceTitle "EXT 2007"]
[Source "ChessBase"]
[SourceDate "2006.11.23"]
[SourceVersion "1"]
[SourceVersionDate "2006.11.23"]
[SourceQuality "1"]

1. d4 g6 2. e4 Bg7 3. Nc3 c6 4. Be3 d5 5. Qd2 dxe4 6. Nxe4 Nd7 7. Ne2 Ngf6 8. N2c3 0-0 9. Be2 Qa5 10. 0-0 Nxe4 11. Nxe4 Qxd2 12. Nxd2 Nf6 13. c3 Nd5 14. Bg5 Re8 15. Bf3 Bf5 16. Rfe1 Kf8 17. Nc4 Rac8 18. h3 f6 19. Bd2 Kf7 20. a4 b6 21. Na3 g5 22. g3 Red8 23. c4 Nc7 24. Bxc6 Rxd4 25. Bc3 Rd3 26. Nb5 Nxb5 27. axb5 Rc7 28. Kg2 h5 29. Ra4 Bc8 30. c5 Bd7 31. Rxa7 Rxa7 32. cxb6 Ra6 33. b7 Rb6 34. Ba5 Rxb7 35. Bxb7 Bxb5 36. Bf3 e5 37. Bxh5+ Ke6 38. Be2 Rb3 39. Bxb5 Rxb5 40. Bc3 Bf8 41. h4 gxh4 42. gxh4 Kf5 43. Kf3 Bb4 44. Re3 1/2-1/2

[Event "POL-ch U18"]
[Site "Krynica"]
[Date "2003.??.??"]
[Round "7"]
[White "Maslowski, Michal"]
[Black "Maciol, Ryszard"]
[Result "1-0"]
[WhiteElo "2140"]
[BlackElo "2185"]
[PlyCount "113"]
[EventDate "2003.??.??"]
[EventType "swiss"]
[EventRounds "11"]
[EventCountry "POL"]
[SourceTitle "EXT 2007"]
[Source "ChessBase"]
[SourceDate "2006.11.23"]
[SourceVersion "1"]
[SourceVersionDate "2006.11.23"]
[SourceQuality "1"]

1. e4 e6 2. d4 d5 3. Nd2 Nf6 4. e5 Nfd7 5. c3 c5 6. Bd3 Nc6 7. Ne2 cxd4 8. cxd4 f6 9. exf6 Nxf6 10. 0-0 Bd6 11. Nf3 0-0 12. Bf4 Nh5 13. Bxd6 Qxd6 14. Re1 Bd7 15. Ng3 Nf4 16. Ne5 Rac8 17. a3 Be8 18. b4 Nxe5 19. Rxe5 Bg6 20. Bxg6 Nxg6 21. Re3 Rc4 22. Qe1 Nf4 23. Rd1 Qb6 24. Ne2 Nxe2+ 25. Rxe2 Rxd4 26. Rxd4 Qxd4 27. Rxe6 Qb2 28. h3 Qxa3 29. Re8 Qa6 30. Qe7 Qf6 31. Rxf8+ Qxf8 32. Qxb7 Qd8 33. Qxa7 d4 34. Qa2+ Kf8 35. b5 d3 36. Qd2 Qd4 37. b6 Qxb6 38. Qxd3 g6 39. g3 Qb2 40. h4 Kg7 41. Qe3 Qb1+ 42. Kh2 Qf1 43. Qe7+ Kg8 44. Qf6 Qe2 45. Kh3 Qe4 46. f3 Qe1 47. Kg4 h5+ 48. Kg5 Qxg3+ 49. Kh6 Qc7 50. Qxg6+ Kf8 51. Qf6+ Kg8 52. Kxh5 Qh7+ 53. Kg5 Qb7 54. h5 Qd5+ 55. Qf5 Qd8+ 56. Kh6 Qe7 57. Qg5+ 1-0

[Event "POL-ch U18"]
[Site "Krynica"]
[Date "2003.??.??"]
[Round "10"]
[White "Zawadzka, Beata"]
[Black "Maslowski, Michal"]
[Result "0-1"]
[WhiteElo "2220"]
[BlackElo "2140"]
[PlyCount "76"]
[EventDate "2003.??.??"]
[EventType "swiss"]
[EventRounds "11"]
[EventCountry "POL"]
[SourceTitle "EXT 2007"]
[Source "ChessBase"]
[SourceDate "2006.11.23"]
[SourceVersion "1"]
[SourceVersionDate "2006.11.23"]
[SourceQuality "1"]

1. d4 Nf6 2. Nf3 g6 3. c4 Bg7 4. Nc3 0-0 5. e4 d6 6. Be2 e5 7. 0-0 Nc6 8. d5 Ne7 9. b4 Ne8 10. c5 h6 11. Nd2 f5 12. f3 h5 13. Nc4 f4 14. a4 g5 15. Ba3 Ng6 16. a5 Rf7 17. b5 b6 18. cxb6 cxb6 19. Bb4 Rc7 20. axb6 Rxc4 21. Bxc4 Qxb6+ 22. Kh1 g4 23. Be2 g3 24. Ba5 Qb7 25. h3 Bxh3 26. gxh3 Qd7 27. Rf2 Qxh3+ 28. Kg1 gxf2+ 29. Kxf2 Qg3+ 30. Kf1 Nh4 31. Na4 Ng2 32. Bd2 Qh2 33. Bc4 Nh4 34. Ra3 Rc8 35. Nb2 Bf6 36. Qe2 Qh1+ 37. Kf2 Nf5 38. Qd1 Qh2+ 0-1

[Event "Kochan Memorial op"]
[Site "Koszalin"]
[Date "2001.08.10"]
[Round "6"]
[White "Markiewicz, Jacek"]
[Black "Maslowski, Michal"]
[Result "1-0"]
[WhiteElo "2245"]
[BlackElo "2143"]
[PlyCount "91"]
[EventDate "2001.08.03"]
[EventType "swiss"]
[EventRounds "10"]
[EventCountry "POL"]
[SourceTitle "EXT 2002"]
[Source "ChessBase"]
[SourceDate "2001.11.25"]
[SourceVersion "1"]
[SourceVersionDate "2001.11.25"]
[SourceQuality "1"]

1. Nf3 Nf6 2. g3 g6 3. Bg2 Bg7 4. 0-0 0-0 5. d3 d6 6. c4 e5 7. Nc3 h6 8. Bd2 Nc6 9. Rb1 a5 10. a3 Be6 11. b4 axb4 12. axb4 Qd7 13. Re1 Bh3 14. Bh1 Ng4 15. Nd5 Ne7 16. Nxe7+ Qxe7 17. Nh4 Rab8 18. e4 h5 19. Bg2 Bxg2 20. Kxg2 Bh6 21. h3 Bxd2 22. Qxd2 Nf6 23. Qg5 Kh7 24. f4 Ng8 25. Qxe7 Nxe7 26. b5 Ra8 27. Ra1 f6 28. Kf3 Kg7 29. Rab1 Rfb8 30. Ng2 Kf7 31. Ne3 c5 32. h4 Ke6 33. Nc2 f5 34. Ne3 exf4 35. gxf4 fxe4+ 36. dxe4 Rf8 37. Rg1 Kf6 38. Rbd1 Ke6 39. Rd3 Ra4 40. Rg5 Rb4 41. e5 d5 42. cxd5+ Kd7 43. Ng2 c4 44. Rd1 Rxb5 45. d6 Nc6 46. e6+ 1-0

[Event "Kochan Memorial op"]
[Site "Koszalin"]
[Date "2001.08.08"]
[Round "5"]
[White "Maslowski, Michal"]
[Black "Vager, Boris"]
[Result "1-0"]
[WhiteElo "2143"]
[BlackElo "2263"]
[PlyCount "109"]
[EventDate "2001.08.03"]
[EventType "swiss"]
[EventRounds "10"]
[EventCountry "POL"]
[SourceTitle "EXT 2002"]
[Source "ChessBase"]
[SourceDate "2001.11.25"]
[SourceVersion "1"]
[SourceVersionDate "2001.11.25"]
[SourceQuality "1"]

1. e4 c5 2. c3 e6 3. d4 d5 4. exd5 exd5 5. Be3 c4 6. b3 cxb3 7. axb3 Nf6 8. Bd3 Bd6 9. Ne2 0-0 10. 0-0 Re8 11. Bf4 Bg4 12. f3 Bh5 13. Bxd6 Qxd6 14. Ng3 Bg6 15. Bxg6 hxg6 16. Qd3 Nc6 17. Nd2 Re7 18. Rfe1 Rae8 19. Rxe7 Rxe7 20. Ndf1 a6 21. Qd2 Nd8 22. Re1 Ne6 23. Ne2 Kf8 24. Nc1 Rc7 25. Nd3 Nd7 26. g3 a5 27. Ne3 b5 28. Ra1 Ra7 29. Qc2 Nb6 30. Qd2 a4 31. Nb4 Rc7 32. bxa4 bxa4 33. Ra3 Ng5 34. Kg2 Qe6 35. Qf2 Re7 36. Ng4 f6 37. h4 Nf7 38. Nd3 Qd6 39. Qa2 g5 40. hxg5 Nxg5 41. Nc5 Ra7 42. Ne3 Qc6 43. c4 Qe8 44. cxd5 Re7 45. Qf2 Nxd5 46. Nxd5 Re2 47. Nd7+ Qxd7 48. Qxe2 Qxd5 49. Rxa4 Qd7 50. Ra8+ Kf7 51. Qa2+ Kg6 52. Qc2+ Kf7 53. Qc8 Qe7 54. Qg8+ Kg6 55. Qe8+ 1-0

[Event "Kochan Memorial op"]
[Site "Koszalin"]
[Date "2001.08.05"]
[Round "2"]
[White "Shurygin, Sergey"]
[Black "Maslowski, Michal"]
[Result "1/2-1/2"]
[WhiteElo "2394"]
[BlackElo "2143"]
[PlyCount "66"]
[EventDate "2001.08.03"]
[EventType "swiss"]
[EventRounds "10"]
[EventCountry "POL"]
[SourceTitle "EXT 2002"]
[Source "ChessBase"]
[SourceDate "2001.11.25"]
[SourceVersion "1"]
[SourceVersionDate "2001.11.25"]
[SourceQuality "1"]

1. e4 e6 2. d4 d5 3. Nd2 Nf6 4. e5 Nfd7 5. Bd3 c5 6. c3 Nc6 7. Ne2 cxd4 8. cxd4 Qb6 9. Nf3 f6 10. exf6 Nxf6 11. 0-0 Bd6 12. b3 0-0 13. Bb2 Bd7 14. Ng3 Kh8 15. Bb1 Qc7 16. Qe2 a5 17. Ne5 a4 18. Nxd7 Qxd7 19. Bd3 axb3 20. axb3 Bc7 21. Ra4 Bb6 22. Bb5 Qf7 23. Rfa1 Rxa4 24. Rxa4 g6 25. h3 Nd7 26. Ba3 Re8 27. Bxc6 bxc6 28. Bd6 Kg8 29. Kh2 Qf6 30. Qe3 e5 31. Bxe5 Nxe5 32. dxe5 Bxe3 33. exf6 Bg5 1/2-1/2

[Event "Kochan Memorial op"]
[Site "Koszalin"]
[Date "2001.08.04"]
[Round "1"]
[White "Maslowski, Michal"]
[Black "Czerwonski, Aleksander"]
[Result "1-0"]
[WhiteElo "2143"]
[BlackElo "2369"]
[PlyCount "69"]
[EventDate "2001.08.03"]
[EventType "swiss"]
[EventRounds "10"]
[EventCountry "POL"]
[SourceTitle "EXT 2002"]
[Source "ChessBase"]
[SourceDate "2001.11.25"]
[SourceVersion "1"]
[SourceVersionDate "2001.11.25"]
[SourceQuality "1"]

1. e4 d6 2. d4 Nf6 3. Bd3 e5 4. Nf3 Nbd7 5. c3 Be7 6. 0-0 0-0 7. Nbd2 c6 8. a4 h6 9. Re1 Nh7 10. Nf1 Ng5 11. Ng3 g6 12. h4 Nxf3+ 13. Qxf3 Kg7 14. h5 Bg5 15. Be3 Nf6 16. Bxg5 hxg5 17. Qd1 gxh5 18. Nxh5+ Nxh5 19. Qxh5 Qf6 20. dxe5 dxe5 21. Qh2 Be6 22. Qg3 Rh8 23. Kf1 Rad8 24. Ke2 Rd6 25. Rh1 Rhd8 26. Rad1 Bb3 27. Rd2 Bxa4 28. Rh5 Kg6 29. Qh3 Rxd3 30. Rxd3 Rxd3 31. Rh6+ Kg7 32. Rh7+ Kg8 33. Kxd3 Bb5+ 34. Kc2 Qxf2+ 35. Kb3 1-0

[Event "Bydgoszcz op-A"]
[Site "Bydgoszcz"]
[Date "2001.05.03"]
[Round "6"]
[White "Krainski, Aleksander"]
[Black "Maslowski, Michal"]
[Result "1/2-1/2"]
[WhiteElo "2272"]
[BlackElo "2125"]
[PlyCount "94"]
[EventDate "2001.04.27"]
[EventType "swiss"]
[EventRounds "9"]
[EventCountry "POL"]
[SourceTitle "CBM 082 Extra"]
[Source "ChessBase"]
[SourceDate "2001.07.03"]
[SourceVersion "1"]
[SourceVersionDate "2001.07.03"]
[SourceQuality "1"]

1. d4 Nf6 2. c4 e5 3. dxe5 Ng4 4. Nf3 Bc5 5. e3 Nc6 6. Nc3 0-0 7. a3 a5 8. Qd5 Qe7 9. Qe4 Ngxe5 10. Nd5 Nxf3+ 11. gxf3 Qxe4 12. fxe4 Bd6 13. c5 Bxc5 14. Nxc7 Rb8 15. Bd2 Rd8 16. Bc3 Bf8 17. Rg1 d6 18. Bf6 Ne5 19. 0-0-0 Bg4 20. Bxd8 Bxd1 21. Kxd1 Rxd8 22. Nd5 Ng6 23. Nb6 Ne7 24. Bc4 Nc8 25. Nd5 Ne7 26. Nc3 Rc8 27. Bb3 Rc5 28. Bd5 b5 29. Kd2 b4 30. Na4 Rb5 31. Rg5 Kh8 32. Kc2 h6 33. Rh5 g6 34. Rh4 Nxd5 35. exd5 bxa3 36. bxa3 Rxd5 37. Nc3 Rf5 38. f4 d5 39. Kd3 Bxa3 40. Rxh6+ Kg7 41. Rh3 Bb4 42. Na4 Kf6 43. Kd4 Ke6 44. Rh8 Kd7 45. Nc5+ Kc6 46. Rc8+ Kb6 47. Nd3 Bd6 1/2-1/2

[Event "Bydgoszcz op-A"]
[Site "Bydgoszcz"]
[Date "2001.05.01"]
[Round "5"]
[White "Maslowski, Michal"]
[Black "Mikenas, Alius V"]
[Result "1-0"]
[WhiteElo "2125"]
[BlackElo "2180"]
[PlyCount "120"]
[EventDate "2001.04.27"]
[EventType "swiss"]
[EventRounds "9"]
[EventCountry "POL"]
[SourceTitle "CBM 082 Extra"]
[Source "ChessBase"]
[SourceDate "2001.07.03"]
[SourceVersion "1"]
[SourceVersionDate "2001.07.03"]
[SourceQuality "1"]

1. d4 d5 2. c4 e6 3. Nc3 f5 4. g3 c6 5. cxd5 exd5 6. Bg2 Bd6 7. Nh3 Nd7 8. 0-0 Ne7 9. Bf4 Nf6 10. Rb1 0-0 11. Bxd6 Qxd6 12. Nf4 g5 13. Nd3 Ng6 14. f4 h6 15. Ne5 Kg7 16. e3 Be6 17. b4 a6 18. Kh1 Rae8 19. a4 b5 20. Qc2 Bd7 21. h3 Re7 22. Kh2 Ne4 23. Nxe4 dxe4 24. Nxg6 Kxg6 25. axb5 axb5 26. Qc5 Rf6 27. Ra1 Bc8 28. Ra8 Bb7 29. Raa1 gxf4 30. gxf4 Kh7 31. Qxd6 Rxd6 32. h4 Bc8 33. Bh3 Be6 34. Rfc1 Kg6 35. Ra6 Bc4 36. Rg1+ Kf6 37. Ra8 Rdd7 38. h5 Rg7 39. Rh8 Rxg1 40. Kxg1 Rg7+ 41. Kf2 Be6 42. Rxh6+ Ke7 43. Bf1 Rg4 44. Be2 Rh4 45. Kg2 Kd7 46. Rh7+ Kd6 47. Ra7 Bc4 48. Bd1 Bd3 49. Rf7 Ke6 50. Rg7 Kd5 51. Rg5 Kc4 52. Rxf5 Kxb4 53. Rc5 Bc4 54. f5 Kc3 55. f6 Kd2 56. Rxc4 bxc4 57. f7 Kxd1 58. f8Q Rg4+ 59. Kh3 c3 60. Kxg4 Ke2 1-0

[Event "POL-ch U16"]
[Site "Zakopane"]
[Date "2001.01.25"]
[Round "10"]
[White "Szromba, Krzysztof"]
[Black "Maslowski, Michal"]
[Result "1-0"]
[WhiteElo "2031"]
[BlackElo "2140"]
[PlyCount "41"]
[EventDate "2001.01.16"]
[EventType "swiss"]
[EventRounds "11"]
[EventCountry "POL"]
[SourceTitle "EXT 2002"]
[Source "ChessBase"]
[SourceDate "2001.11.25"]
[SourceVersion "1"]
[SourceVersionDate "2001.11.25"]
[SourceQuality "1"]

1. d4 Nf6 2. c4 g6 3. Nc3 Bg7 4. e4 d6 5. f3 0-0 6. Bg5 c5 7. d5 Na6 8. Qd2 Nc7 9. Nge2 a6 10. a4 b6 11. Bh6 Bd7 12. h4 Bxh6 13. Qxh6 b5 14. g4 Nce8 15. h5 bxa4 16. Nf4 Ng7 17. Bd3 Qb6 18. Rb1 Rfb8 19. g5 Nfxh5 20. Nxh5 gxh5 21. e5 1-0

[Event "POL-ch U16"]
[Site "Zakopane"]
[Date "2001.01.24"]
[Round "9"]
[White "Kosmowski, Piotr"]
[Black "Maslowski, Michal"]
[Result "0-1"]
[WhiteElo "2075"]
[BlackElo "2140"]
[PlyCount "70"]
[EventDate "2001.01.16"]
[EventType "swiss"]
[EventRounds "11"]
[EventCountry "POL"]
[SourceTitle "EXT 2002"]
[Source "ChessBase"]
[SourceDate "2001.11.25"]
[SourceVersion "1"]
[SourceVersionDate "2001.11.25"]
[SourceQuality "1"]

1. e4 e6 2. d4 d5 3. Nd2 Nf6 4. e5 Nfd7 5. Bd3 c5 6. c3 Nc6 7. Ne2 cxd4 8. cxd4 f6 9. exf6 Nxf6 10. Nf3 Bd6 11. 0-0 Qc7 12. a3 0-0 13. Nc3 a6 14. Bg5 Bd7 15. Re1 Ng4 16. h3 Bh2+ 17. Kf1 Nxf2 18. Kxf2 Qg3+ 19. Kf1 Qxg5 20. b4 g6 21. Bb1 Rxf3+ 22. gxf3 e5 23. dxe5 Bxh3+ 24. Ke2 Qg2+ 25. Ke3 d4+ 26. Kd3 dxc3 27. Kxc3 Bxe5+ 28. Rxe5 Nxe5 29. Qd5+ Nf7 30. Ra2 Rc8+ 31. Kb3 Qg5 32. Qxb7 Be6+ 33. Ka4 Qb5+ 34. Qxb5 axb5+ 35. Kxb5 Rb8+ 0-1

[Event "POL-chT U19 2nd League"]
[Site "Krynica"]
[Date "2001.??.??"]
[Round "11"]
[White "Cajbel, Maciej"]
[Black "Maslowski, Michal"]
[Result "1-0"]
[WhiteElo "2090"]
[BlackElo "2145"]
[PlyCount "40"]
[EventDate "2001.07.16"]
[EventType "team-swiss"]
[EventRounds "11"]
[EventCountry "POL"]
[SourceTitle "EXT 2003"]
[Source "ChessBase"]
[SourceDate "2002.11.25"]
[SourceVersion "1"]
[SourceVersionDate "2002.11.25"]
[SourceQuality "1"]
[WhiteTeam "Wroclaw Srodmiescie U19 II"]
[BlackTeam "Koszalin Hetman Politechnika U19"]
[WhiteTeamCountry "POL"]
[BlackTeamCountry "POL"]

1. e4 e6 2. d4 d5 3. Nc3 Bb4 4. Nge2 dxe4 5. a3 Be7 6. Nxe4 Nc6 7. Bf4 Nf6 8. Qd3 0-0 9. 0-0-0 e5 10. dxe5 Qxd3 11. cxd3 Nh5 12. g3 Bg4 13. Rd2 Bf3 14. Rg1 h6 15. N2c3 Nxf4 16. gxf4 Nd4 17. Nd5 Bd8 18. Bg2 Nb3+ 19. Kc2 Nxd2 20. Kxd2 Bxe4 1-0

[Event "POL-chT U19 2nd League"]
[Site "Krynica"]
[Date "2001.??.??"]
[Round "5"]
[White "Maslowski, Michal"]
[Black "Szromba, Krzysztof"]
[Result "1-0"]
[WhiteElo "2145"]
[BlackElo "2185"]
[PlyCount "40"]
[EventDate "2001.07.16"]
[EventType "team-swiss"]
[EventRounds "11"]
[EventCountry "POL"]
[SourceTitle "EXT 2003"]
[Source "ChessBase"]
[SourceDate "2002.11.25"]
[SourceVersion "1"]
[SourceVersionDate "2002.11.25"]
[SourceQuality "1"]
[WhiteTeam "Koszalin Hetman Politechnika U19"]
[BlackTeam "Krakow Korona U19"]
[WhiteTeamCountry "POL"]
[BlackTeamCountry "POL"]

1. e4 c5 2. c3 d6 3. d4 Nd7 4. Nf3 e5 5. dxe5 dxe5 6. Bc4 Qf6 7. 0-0 h6 8. Na3 Bd6 9. Nc2 Ne7 10. Ne3 g5 11. Qd3 Nb6 12. Bb5+ Kf8 13. Rd1 Bc7 14. Qc2 Be6 15. b4 cxb4 16. cxb4 Rc8 17. Bb2 a6 18. Bf1 Bb8 19. Qd2 Na4 20. Rac1 Nxb2 1-0

[Event "POL-chT U19 2nd League"]
[Site "Krynica"]
[Date "2001.??.??"]
[Round "3"]
[White "Maslowski, Michal"]
[Black "Ziolkowski, Dawid"]
[Result "1-0"]
[WhiteElo "2145"]
[BlackElo "2160"]
[PlyCount "41"]
[EventDate "2001.07.16"]
[EventType "team-swiss"]
[EventRounds "11"]
[EventCountry "POL"]
[SourceTitle "EXT 2003"]
[Source "ChessBase"]
[SourceDate "2002.11.25"]
[SourceVersion "1"]
[SourceVersionDate "2002.11.25"]
[SourceQuality "1"]
[WhiteTeam "Koszalin Hetman Politechnika U19"]
[BlackTeam "Bydgoszcz Emdek U19"]
[WhiteTeamCountry "POL"]
[BlackTeamCountry "POL"]

1. e4 e6 2. Nf3 d5 3. Nc3 Nf6 4. e5 Ne4 5. Ne2 Be7 6. d3 Nc5 7. Ng3 f5 8. exf6 Bxf6 9. d4 Ne4 10. Bd3 c5 11. Nxe4 dxe4 12. Bxe4 cxd4 13. Qd3 g6 14. h4 Qa5+ 15. Bd2 Qa6 16. h5 Qxd3 17. cxd3 Kf7 18. hxg6+ hxg6 19. Ng5+ Kg7 20. Rxh8 Kxh8 21. Bxg6 1-0

[Event "POL-chT U19 2nd League"]
[Site "Krynica"]
[Date "2001.??.??"]
[Round "9"]
[White "Tekielak, Sebastian"]
[Black "Maslowski, Michal"]
[Result "1-0"]
[WhiteElo "2205"]
[BlackElo "2145"]
[PlyCount "40"]
[EventDate "2001.07.16"]
[EventType "team-swiss"]
[EventRounds "11"]
[EventCountry "POL"]
[SourceTitle "EXT 2003"]
[Source "ChessBase"]
[SourceDate "2002.11.25"]
[SourceVersion "1"]
[SourceVersionDate "2002.11.25"]
[SourceQuality "1"]
[WhiteTeam "Krzeszowice Swit U19"]
[BlackTeam "Koszalin Hetman Politechnika U19"]
[WhiteTeamCountry "POL"]
[BlackTeamCountry "POL"]

1. e4 e6 2. d4 d5 3. Nc3 Bb4 4. e5 Ne7 5. a3 Bxc3+ 6. bxc3 b6 7. Bd3 Ba6 8. Nf3 Bxd3 9. cxd3 Nd7 10. 0-0 c5 11. Re1 Nc6 12. Qa4 Qc7 13. Be3 0-0 14. dxc5 Nxc5 15. Qc2 Nd7 16. d4 Rfc8 17. Ng5 Nf8 18. f4 Ne7 19. Bd2 Qd7 20. Qd3 f6 1-0